Capital Cities in Their National or Indigenous Script or Language - Statistics

General Stats
  • This quiz has been taken 52 times
  • The average score is 13 of 21
Answer Stats
Hint Answer % Correct
Αθήνα Athens
94%
서울 Seoul
91%
Бишкек Bishkek
89%
Λευκωσία || Lefkoşa Nicosia
89%
София Sofia
89%
Улаанбаатар Ulaanbaatar
81%
Сарајево Sarajevo
79%
Baile Átha Cliath Dublin
74%
Подгорица Podgorica
74%
مدينة جيبوتي || Magaalada Jabuuti || Gabuutî Magaala Djibouti City
70%
თბილისი Tbilisi
70%
ភ្នំពេញ Phnom Penh
68%
Te Whanganui-a-Tara Wellington
68%
Finfinnee || አዲስ አበባ Addis Ababa
64%
နေပြည်တော် Naypyidaw
64%
اسلام‌آباد Islamabad
60%
ཐིམ་ཕུག Thimphu
60%
طرابلس Tripoli
30%
بندر سري بڬاوان Bandar Seri Begawan
17%
ǀAi-ǁGams || Otjomuise Windhoek
9%
Efil Port Vila
6%
No matching quizzes found
Score Distribution
Percent of People with Each Score
Percentile by Number Answered
Your Score History
You have not taken this quiz